000 00729nam a22001817a 4500
999 _c19296
_d19296
003 AR-CdUCM
008 190517b ||||| |||| 00| 0 spa d
040 _aMUNICIPALIDAD PROVINCIAL DEL CUSCO
_cBIBLIOTECA MUNICIPAL DEL CUSCO
082 _a320 /
_bV32
100 _aVasquez, John A.
_94517
245 _aEl poder de la política del poder /
260 _aNew Jersey :
_bGernika,
_c1991.
300 _a408 páginas ;
_c22 cm.
505 _aEl rol de los paradigmas de la investigación cientifica -- El rol del paradigma realista en el desarrollo del estudio -- Diseño de la investigación definición y peratividad del paradigma realista...
650 _aParadigma del estudio.
_940558
942 _2ddc
_cLIBROS
945 _awfj